[Event "CRO Cup"]
[Site "Mali Losinj"]
[Date "2018.05.20"]
[Round "6.84"]
[White "Tomic, Stjepan"]
[Black "Blaga, Marijan"]
[Result "1-0"]
[WhiteElo "1790"]
[BlackElo "1993"]
[PlyCount "107"]
[EventDate "2018.05.16"]
[EventType "team-swiss"]
[EventRounds "6"]
[EventCountry "CRO"]
[SourceTitle "CBM 184 Extra"]
[Source "ChessBase"]
[SourceDate "2018.06.28"]
[SourceVersion "1"]
[SourceVersionDate "2018.06.28"]
[SourceQuality "1"]
[WhiteTeam "Zagreb Mladost"]
[BlackTeam "Sv Ivan Zabno"]
[WhiteTeamCountry "CRO"]
[BlackTeamCountry "CRO"]

1. e4 c5 2. Nf3 Nc6 3. d4 cxd4 4. Nxd4 g6 5. c4 Bg7 6. Be3 d6 7. Nc3 Nf6 8. Be2 Bd7 9. f3 a6 10. 0-0 h5 11. Nd5 Nxd5 12. cxd5 Nxd4 13. Bxd4 0-0 14. Bxg7 Kxg7 15. Qd4+ f6 16. Rac1 Rc8 17. Qa7 Rxc1 18. Rxc1 Bc8 19. b4 f5 20. Qd4+ Kf7 21. a4 Bd7 22. a5 Qb8 23. Qe3 Rc8 24. Rxc8 Qxc8 25. Qh6 Qc3 26. Qh7+ Qg7 27. Qxg7+ Kxg7 28. Kf2 f4 29. Bc4 Kf6 30. Ke2 g5 31. h3 Ke5 32. Kd3 Ba4 33. Kc3 Bd7 34. Be2 Ba4 35. Bc4 Bd7 36. Be2 Be8 37. Bc4 g4 38. h4 gxf3 39. gxf3 Bd7 40. Bf1 Ba4 41. Be2 Be8 42. Bc4 Bd7 43. Bf1 Bc8 44. b5 axb5 45. Bxb5 e6 46. dxe6 Bxe6 47. Be8 d5 48. exd5 Bxd5 49. Bxh5 Bg8 50. Bg4 Bd5 51. h5 Kf6 52. Kd4 Bc6 53. Kc5 Kg5 54. a6 1-0

[Event "CRO-chT2 Center 25th"]
[Site "Croatia"]
[Date "2016.04.17"]
[Round "6.56"]
[White "Blaga, Marijan"]
[Black "Staresina, Alan"]
[Result "0-1"]
[WhiteElo "2031"]
[BlackElo "2110"]
[PlyCount "137"]
[EventDate "2016.03.13"]
[EventType "team-tourn"]
[EventRounds "11"]
[EventCountry "CRO"]
[SourceTitle "EXT 2019"]
[Source "ChessBase"]
[SourceDate "2018.10.10"]
[SourceVersion "1"]
[SourceVersionDate "2018.10.10"]
[SourceQuality "1"]

1. d4 Nf6 2. c4 e6 3. a3 c5 4. e3 d5 5. Nf3 Nc6 6. Nc3 a6 7. dxc5 Bxc5 8. b4 Ba7 9. cxd5 exd5 10. Bb2 d4 11. Nxd4 Nxd4 12. exd4 Bxd4 13. Be2 Be6 14. 0-0 Rc8 15. Rc1 0-0 16. Na4 Bxb2 17. Nxb2 Rxc1 18. Qxc1 Nd5 19. Bf3 Qf6 20. Qd2 Nf4 21. Nd3 Nh3+ 22. Kh1 Rd8 23. Qe3 Qd4 24. gxh3 Qxe3 25. fxe3 Rxd3 26. Rd1 Rxd1+ 27. Bxd1 Bxh3 28. Bf3 b6 29. Kg1 Kf8 30. Kf2 Ke7 31. Be4 h6 32. Bb7 a5 33. bxa5 bxa5 34. Kg3 Bd7 35. Kf4 Kd6 36. h4 Bc6 37. Ba6 Kd5 38. Be2 Bd7 39. Bd3 Be6 40. Bb1 Kd6 41. Bd3 Bb3 42. Ke4 Ba2 43. Kf4 Kc5 44. Ke5 Bc4 45. Bc2 Be6 46. Bd3 g5 47. hxg5 hxg5 48. Be2 Bc4 49. Bh5 Be6 50. Be2 Kc6 51. Bd3 Kd7 52. Kf6 g4 53. Be4 Kd6 54. Kg5 g3 55. Bg2 Bd5 56. e4 Be6 57. Kf4 Kc5 58. Kxg3 Kc4 59. Bf3 Kb3 60. Bg4 Kxa3 61. Bxe6 fxe6 62. Kf4 Kb4 63. Ke5 a4 64. Kxe6 a3 65. Kf7 a2 66. e5 a1Q 67. e6 Qf1+ 68. Ke8 Kc5 69. e7 0-1

[Event "CRO-chT2 Center"]
[Site "Croatia"]
[Date "2015.09.13"]
[Round "8.26"]
[White "Furjan, Antun"]
[Black "Blaga, Marijan"]
[Result "0-1"]
[WhiteElo "1999"]
[BlackElo "2030"]
[PlyCount "62"]
[EventDate "2015.03.22"]
[EventType "team-tourn"]
[EventRounds "11"]
[EventCountry "CRO"]
[SourceTitle "EXT 2016"]
[Source "ChessBase"]
[SourceDate "2015.10.08"]
[SourceVersion "1"]
[SourceVersionDate "2015.10.08"]
[SourceQuality "1"]

1. d4 d5 2. c4 e6 3. Nc3 Nf6 4. Nf3 c5 5. cxd5 cxd4 6. Qxd4 Nxd5 7. Nxd5 Nc6 8. Qd1 exd5 9. e3 Be7 10. Be2 Bf6 11. 0-0 0-0 12. Nd4 Nxd4 13. exd4 Qb6 14. Bf3 Bxd4 15. Bxd5 Rd8 16. Qf3 Qf6 17. Rd1 Qxf3 18. Bxf3 Re8 19. Bf4 Bxb2 20. Rab1 Ba3 21. Bxb7 Bxb7 22. Rxb7 a5 23. Be3 Bb4 24. Rdd7 Red8 25. Bb6 Rxd7 26. Rxd7 Kf8 27. g3 Ke8 28. Rd5 Ra6 29. Bd4 f6 30. Rb5 Kf7 31. Kg2 Ke6 0-1

[Event "CRO-chT2 Center"]
[Site "Croatia"]
[Date "2015.04.26"]
[Round "5.46"]
[White "Blaga, Marijan"]
[Black "Nemec, Vjekoslav"]
[Result "0-1"]
[WhiteElo "2043"]
[BlackElo "2172"]
[PlyCount "72"]
[EventDate "2015.03.22"]
[EventType "team-tourn"]
[EventRounds "11"]
[EventCountry "CRO"]
[SourceTitle "EXT 2016"]
[Source "ChessBase"]
[SourceDate "2015.10.08"]
[SourceVersion "1"]
[SourceVersionDate "2015.10.08"]
[SourceQuality "1"]

1. e4 g6 2. Nc3 Bg7 3. d4 d6 4. Nf3 a6 5. Be2 e6 6. 0-0 Ne7 7. Bg5 h6 8. Be3 0-0 9. Qc1 Kh7 10. Bd3 Nd7 11. Ne2 f5 12. c3 Nf6 13. exf5 exf5 14. Re1 Ned5 15. Bd2 Ne4 16. Ng3 Nxd2 17. Qxd2 b5 18. a4 Bd7 19. a5 Nf6 20. Qc2 Nd5 21. Qd2 Rb8 22. Ne2 Qf6 23. Nf4 Nxf4 24. Qxf4 g5 25. Qc1 g4 26. Nd2 Kh8 27. f4 c5 28. dxc5 dxc5 29. Nf1 b4 30. Ng3 bxc3 31. bxc3 Qxc3 32. Qxc3 Bxc3 33. Re7 Bxa1 34. Rxd7 Rbd8 35. Bxf5 Rxd7 36. Bxd7 Rxf4 0-1

[Event "Osijek op"]
[Site "Osijek"]
[Date "2015.03.05"]
[Round "2"]
[White "Blaga, Marijan"]
[Black "Jovanovic, Zoran"]
[Result "0-1"]
[WhiteElo "2046"]
[BlackElo "2530"]
[PlyCount "50"]
[EventDate "2015.03.05"]
[EventType "swiss"]
[EventRounds "7"]
[EventCountry "CRO"]
[SourceTitle "CBM 165 Extra"]
[Source "ChessBase"]
[SourceDate "2015.04.21"]
[SourceVersion "1"]
[SourceVersionDate "2015.04.21"]
[SourceQuality "1"]

1. e4 d6 2. d4 Nf6 3. Nc3 e5 4. dxe5 dxe5 5. Qxd8+ Kxd8 6. Bg5 c6 7. 0-0-0+ Ke8 8. f3 Be6 9. g3 Bb4 10. Nge2 Nbd7 11. h4 h6 12. Be3 Ke7 13. Bh3 Bxh3 14. Rxh3 Bc5 15. Bxc5+ Nxc5 16. Rhh1 b5 17. b4 Ne6 18. a3 a5 19. Kb2 Nd7 20. f4 Nb6 21. Nb1 Nc4+ 22. Kb3 axb4 23. axb4 Ra1 24. f5 Rha8 25. c3 R1a2 0-1

[Event "Osijek op"]
[Site "Osijek"]
[Date "2013.02.24"]
[Round "7.15"]
[White "Blaga, Marijan"]
[Black "Lovric, Petar"]
[Result "1-0"]
[WhiteElo "2090"]
[BlackElo "1998"]
[PlyCount "91"]
[EventDate "2013.02.21"]
[EventType "swiss"]
[EventRounds "7"]
[EventCountry "CRO"]
[SourceTitle "EXT 2014"]
[Source "ChessBase"]
[SourceDate "2013.11.20"]
[SourceVersion "1"]
[SourceVersionDate "2013.11.20"]
[SourceQuality "1"]

1. e4 c6 2. c4 d5 3. e5 Bf5 4. Qb3 Qd7 5. Nf3 e6 6. d4 h6 7. Bd3 Bxd3 8. Qxd3 Bb4+ 9. Nc3 Ne7 10. a3 Bxc3+ 11. bxc3 b5 12. c5 Na6 13. Bd2 Nc7 14. 0-0 0-0 15. Rfb1 Rfb8 16. g4 Qd8 17. Nh4 Ng6 18. Ng2 Qe7 19. Qg3 Kf8 20. f4 Ke8 21. h4 Kd7 22. Rf1 Qf8 23. f5 Ne7 24. Rf2 Qg8 25. Raf1 a5 26. f6 gxf6 27. exf6 Nc8 28. Bxh6 b4 29. axb4 axb4 30. Bf4 Rb7 31. Bxc7 Rxc7 32. cxb4 Rb7 33. Rb2 Rab8 34. Rfb1 Ra8 35. b5 Rab8 36. bxc6+ Kxc6 37. Rxb7 Rxb7 38. Rxb7 Kxb7 39. g5 Qg6 40. Kh2 Na7 41. Qb3+ Ka8 42. Qa4 Qe4 43. Qe8+ Kb7 44. Qxf7+ Kb8 45. Qe8+ Nc8 46. f7 1-0

[Event "Osijek op"]
[Site "Osijek"]
[Date "2013.02.22"]
[Round "3.16"]
[White "Blaga, Marijan"]
[Black "Dzaja, Martin Zorislav"]
[Result "1/2-1/2"]
[WhiteElo "2090"]
[BlackElo "1938"]
[PlyCount "92"]
[EventDate "2013.02.21"]
[EventType "swiss"]
[EventRounds "7"]
[EventCountry "CRO"]
[SourceTitle "EXT 2014"]
[Source "ChessBase"]
[SourceDate "2013.11.20"]
[SourceVersion "1"]
[SourceVersionDate "2013.11.20"]
[SourceQuality "1"]

1. c4 Nf6 2. d4 g6 3. Nc3 Bg7 4. e4 d6 5. f4 0-0 6. Nf3 c5 7. d5 e6 8. Be2 exd5 9. exd5 Bf5 10. 0-0 Ne4 11. Nxe4 Bxe4 12. Bd3 Re8 13. Qc2 Bxd3 14. Qxd3 Nd7 15. Bd2 Nf6 16. Rae1 Qd7 17. h3 Rxe1 18. Rxe1 Re8 19. Bc3 Rxe1+ 20. Nxe1 Qe7 21. Nf3 Nh5 22. Bxg7 Kxg7 23. f5 Nf4 24. Qd2 Qe4 25. Qc3+ Kg8 26. Qf6 Qxf5 27. Qxd6 Nxh3+ 28. gxh3 Qxf3 29. Qxc5 Qg3+ 30. Kf1 Qxh3+ 31. Ke1 h5 32. Qe7 Qd3 33. d6 Qxc4 34. d7 Qc1+ 35. Kf2 Qxb2+ 36. Kf3 Qc3+ 37. Ke2 Qc2+ 38. Kf3 Qd3+ 39. Kf4 Qd4+ 40. Kg3 Qd3+ 41. Kf4 Qd4+ 42. Kg5 Qd2+ 43. Kh4 Qd4+ 44. Kg3 Qd3+ 45. Kf2 Qd2+ 46. Kg1 Qd1+ 1/2-1/2

[Event "Osijek op"]
[Site "Osijek"]
[Date "2013.02.21"]
[Round "2.5"]
[White "Mrkonjic, Nenad"]
[Black "Blaga, Marijan"]
[Result "1-0"]
[WhiteElo "2375"]
[BlackElo "2090"]
[PlyCount "83"]
[EventDate "2013.02.21"]
[EventType "swiss"]
[EventRounds "7"]
[EventCountry "CRO"]
[SourceTitle "EXT 2014"]
[Source "ChessBase"]
[SourceDate "2013.11.20"]
[SourceVersion "1"]
[SourceVersionDate "2013.11.20"]
[SourceQuality "1"]

1. d4 d5 2. c4 c6 3. Qc2 Nf6 4. Nf3 g6 5. Bf4 Bf5 6. Qb3 Qb6 7. Nbd2 Nbd7 8. e3 Bg7 9. h3 h5 10. Be2 0-0 11. 0-0 Rfe8 12. Rfc1 Rac8 13. c5 Qxb3 14. Nxb3 Be4 15. Na5 Bxf3 16. gxf3 e5 17. dxe5 Nxe5 18. Nxb7 Rb8 19. Na5 Nfd7 20. Rab1 Bf6 21. Bh2 Bd8 22. Nb3 f5 23. Nd4 Rc8 24. b4 Be7 25. Ba6 Rb8 26. Bxe5 Nxe5 27. f4 Nc4 28. Bxc4 dxc4 29. Nxc6 Rb7 30. Nxe7+ Rexe7 31. Rxc4 Kf7 32. a4 Rb8 33. b5 Rc7 34. c6 Ke6 35. Rd1 a6 36. Rc5 a5 37. Rcd5 Rbc8 38. Rd6+ Kf7 39. Kg2 h4 40. Kf3 Rg8 41. b6 Re7 42. c7 1-0

[Event "Bizovac Metalis op 16th"]
[Site "Bizovac"]
[Date "2009.02.20"]
[Round "3"]
[White "Blaga, Marijan"]
[Black "Rubil, Marko"]
[Result "1/2-1/2"]
[WhiteElo "2124"]
[BlackElo "2060"]
[PlyCount "77"]
[EventDate "2009.02.19"]
[EventType "swiss"]
[EventRounds "7"]
[EventCountry "CRO"]
[SourceTitle "CBM 128 Extra"]
[Source "ChessBase"]
[SourceDate "2009.03.05"]
[SourceVersion "2"]
[SourceVersionDate "2009.03.25"]
[SourceQuality "1"]

1. e4 e5 2. Nf3 Nc6 3. Nc3 Nf6 4. d4 exd4 5. Nxd4 Bc5 6. Nxc6 bxc6 7. Bg5 0-0 8. Bd3 h6 9. Bh4 d5 10. 0-0 g5 11. Bg3 Bg4 12. Be2 Bxe2 13. Qxe2 Re8 14. Qa6 Bb6 15. exd5 cxd5 16. Na4 Ne4 17. Nxb6 axb6 18. Qd3 c6 19. a3 Qf6 20. c3 Re7 21. Rad1 Rae8 22. Qa6 b5 23. Qb6 h5 24. f3 Nxg3 25. hxg3 Re2 26. Rf2 Qd6 27. f4 R2e4 28. Rdf1 Rb8 29. Qa7 g4 30. Rd2 c5 31. Rxd5 Qxd5 32. Qxb8+ Kg7 33. Qxb5 Re3 34. a4 h4 35. gxh4 Qh5 36. Kf2 Re6 37. Kg3 Re3+ 38. Kf2 Re6 39. Kg3 1/2-1/2

[Event "CRO-chT3"]
[Site "Bjelovar"]
[Date "2008.04.20"]
[Round "4"]
[White "Ognjan, Renato"]
[Black "Blaga, Marijan"]
[Result "1/2-1/2"]
[WhiteElo "2129"]
[BlackElo "2143"]
[PlyCount "26"]
[EventDate "2008.03.30"]
[EventType "team-tourn"]
[EventRounds "9"]
[EventCountry "CRO"]
[SourceTitle "EXT 2011"]
[Source "ChessBase"]
[SourceDate "2010.11.26"]
[SourceVersion "1"]
[SourceVersionDate "2010.11.26"]
[SourceQuality "1"]

1. Nf3 d5 2. d4 Nc6 3. g3 Bf5 4. Bg2 Nf6 5. 0-0 e6 6. b3 Bd6 7. Bb2 0-0 8. Nh4 Bg6 9. Nxg6 hxg6 10. c4 b6 11. cxd5 Nxd5 12. Nc3 Nxc3 13. Bxc3 Qd7 1/2-1/2

[Event "CRO-chT3"]
[Site "Bjelovar"]
[Date "2008.04.06"]
[Round "2"]
[White "Basta, Radovan"]
[Black "Blaga, Marijan"]
[Result "0-1"]
[WhiteElo "2179"]
[BlackElo "2143"]
[PlyCount "80"]
[EventDate "2008.03.30"]
[EventType "team-tourn"]
[EventRounds "9"]
[EventCountry "CRO"]
[SourceTitle "EXT 2011"]
[Source "ChessBase"]
[SourceDate "2010.11.26"]
[SourceVersion "1"]
[SourceVersionDate "2010.11.26"]
[SourceQuality "1"]

1. e4 e5 2. Nf3 Nc6 3. d4 exd4 4. Nxd4 Bc5 5. Be3 Qf6 6. c3 Nge7 7. Bc4 d6 8. 0-0 0-0 9. f4 Be6 10. Be2 Bb6 11. Na3 Nxd4 12. Bxd4 Qh6 13. f5 Bd7 14. Nc4 Bb5 15. Nxb6 Bxe2 16. Qxe2 axb6 17. f6 Nc6 18. fxg7 Rfe8 19. Bf6 Re6 20. Qf3 Qg6 21. Rae1 Rxa2 22. Re2 Ra4 23. b4 Ne5 24. Qf4 Ra3 25. Re3 Nd7 26. e5 dxe5 27. Bxe5 Nxe5 28. Rxe5 Rxc3 29. Qd4 Rd3 30. Qf4 Rdd6 31. Rg5 Rf6 32. Qg4 Rxf1+ 33. Kxf1 Rf6+ 34. Ke2 Qc2+ 35. Ke3 Qf2+ 36. Kd3 Rd6+ 37. Kc3 Qd2+ 38. Kb3 Rd3+ 39. Ka4 Qa2+ 40. Kb5 Qa6# 0-1